000 00967nam a22003137a 4500
003 DO-SdBPM
005 20250805114354.0
007 ta
008 161031b2004 sp 00| 0 spa d
020 _a8496246795
040 _aDO-SdBPM
_bspa
_cBPMSU
_erda
082 4 _a813.5
_bH638e 2004
_222
100 1 _aHighsmith, Patricia
_d1921-1995.
_eautora
240 1 0 _aStrangers on a train
245 1 0 _aExtraños en un tren /
_cPatricia Highsmith ; traducción Jordi Beltrán
264 _aMadrid, España :
_bEl País,
_c2004.
300 _a363 páginas :
_c21 cm.
336 _atexto
_btxt
_2rdacontent
337 _asin mediación
_bn
_2rdamedia
338 _avolumen
_bnc
_2rdacarrier
490 0 _aNegra,
_v18
590 _aInventariado, 2025/VM
650 7 _aNovela estadounidense.
650 7 _aCrimen
_vNovela.
650 7 _aFerrocarriles
_vNovela
700 1 _aBeltrán, Jordi
_etraductor
910 _aVMateo V. Control de calidad.
942 _2ddc
_cBK
999 _c12705
_d12705